ANATOMY AND PHYSIOLOGY IN HEALTH AND ILLNESS (Record no. 7503)

MARC details
000 -LEADER
fixed length control field 00502nam a22001817a 4500
005 - DATE AND TIME OF LATEST TRANSACTION
control field 20230119101430.0
008 - FIXED-LENGTH DATA ELEMENTS--GENERAL INFORMATION
fixed length control field 210301b ||||| |||| 00| 0 eng d
020 ## - INTERNATIONAL STANDARD BOOK NUMBER
ISBN 978070207277
041 ## - LANGUAGE CODE
Language code of text/sound track or separate title eng
082 ## - DEWEY DECIMAL CLASSIFICATION NUMBER
Classification number 612 WAU-A
Item number EAU-A
100 ## - MAIN ENTRY--AUTHOR NAME
Personal name WAUGH ANNE AND GRANT ALLISON
245 ## - TITLE STATEMENT
Title ANATOMY AND PHYSIOLOGY IN HEALTH AND ILLNESS
250 ## - EDITION STATEMENT
Edition statement 13'TH
260 ## - PUBLICATION, DISTRIBUTION, ETC. (IMPRINT)
Place of publication NEW DELHI
Name of publisher ELESEVIERS RELX INDIA
Year of publication 2018
300 ## - PHYSICAL DESCRIPTION
Number of Pages 560,p.
650 ## - SUBJECT ADDED ENTRY--TOPICAL TERM
Topical Term PHARMACY
General subdivision B.PHARMA & D.PHARMA
942 ## - ADDED ENTRY ELEMENTS (KOHA)
Koha item type Books
Holdings
Lost status Damaged status Collection code Home library Current library Shelving location Date acquired Source of acquisition Cost, normal purchase price Full call number Accession Number Koha item type
    Reference JRU Library JRU Library Shelf - 23- F 01/03/2021 UNNATI PUBLICATION PURCHASE 1908-/17-02-2021 1290.00 612 WAU-A 25721 Books
    PHARMACY JRU Library JRU Library SHELF-20-F 01/03/2021 UNNATI PUBLICATION PURCHASE 1908-/17-02-2021 1290.00 612 WAU-A 25722 Books
    PHARMACY JRU Library JRU Library Shelf - 23- F 21/02/2022 PURCHASE 1380.00 612 WAU-A 26576 Books
    PHARMACY JRU Library JRU Library Shelf - 23- F 21/02/2022 PURCHASE 1380.00 612 WAU-A 26577 Books